Loading...
| History - Other | 0 | 6 | 1 | 0 | 55 | 37 | 75.50 | 1 | 5 | 0.00 | 0.00 |
| History - World | 0 | 4 | 0 | 0 | 40 | 50 | 67.75 | 0 | 1 | 0.00 | 0.00 |
| Mythology | 0 | 3 | 0 | 0 | 30 | 24 | 72.00 | 0 | 1 | 0.00 | 0.00 |
| Literature - British | 0 | 3 | 1 | 0 | 25 | 88 | 108.67 | 0 | 0 | 0.00 | 0.00 |
| Literature - World | 0 | 2 | 0 | 0 | 20 | 79 | 90.00 | 0 | 0 | 0.00 | 0.00 |
| Literature - European | 0 | 3 | 2 | 0 | 20 | 73 | 95.00 | 0 | 2 | 0.00 | 0.00 |
| Fine Arts - Classical Music | 0 | 2 | 1 | 0 | 15 | 71 | 71.50 | 0 | 0 | 0.00 | 0.00 |
| Science - Chemistry | 0 | 2 | 1 | 0 | 15 | 31 | 49.50 | 2 | 2 | 0.00 | 0.00 |
| Social Science | 0 | 1 | 0 | 0 | 10 | 53 | 53.00 | 0 | 1 | 0.00 | 0.00 |
| History - American | 0 | 1 | 0 | 0 | 10 | 41 | 41.00 | 0 | 1 | 0.00 | 0.00 |
| Literature - American | 0 | 1 | 0 | 1 | 10 | 112 | 112.00 | 0 | 0 | 0.00 | 0.00 |
| Pop Culture | 0 | 1 | 0 | 0 | 10 | 32 | 32.00 | 0 | 1 | 0.00 | 0.00 |
| Science - Biology | 0 | 1 | 0 | 0 | 10 | 89 | 89.00 | 0 | 1 | 0.00 | 0.00 |
| Current Events | 0 | 1 | 1 | 1 | 5 | 106 | 106.00 | 0 | 0 | 0.00 | 0.00 |
| History - European | 0 | 2 | 3 | 0 | 5 | 36 | 49.00 | 1 | 1 | 0.00 | 0.00 |
| Religion | 0 | 0 | 0 | 0 | 0 | 0.00 | 0 | 0 | 0.00 | 0.00 | |
| Philosophy | 0 | 0 | 1 | 0 | -5 | 0.00 | 0 | 0 | 0.00 | 0.00 | |
| Science - Physics | 0 | 1 | 3 | 0 | -5 | 75 | 75.00 | 0 | 1 | 0.00 | 0.00 |
| Science - Other | 0 | 0 | 1 | 0 | -5 | 0.00 | 0 | 0 | 0.00 | 0.00 | |
| Painting/Sculpture | 0 | 0 | 1 | 0 | -5 | 0.00 | 0 | 0 | 0.00 | 0.00 | |
| Fine Arts - Other | 0 | 0 | 3 | 0 | -15 | 0.00 | 0 | 0 | 0.00 | 0.00 |